| 000 | 00760cam a2200241 a 4500 | ||
|---|---|---|---|
| 001 | 000006612 | ||
| 005 | 20200929153948.0 | ||
| 008 | 930927s1990 be ab 001 0 eng d | ||
| 020 | _a0930664108 | ||
| 040 |
_aDO-SdBNP _cDLC _dBNPHU |
||
| 043 | _ae-be--- | ||
| 082 |
_aNNNN _bM6894 |
||
| 245 | 0 | 0 |
_aModern Belgium / _cedited by Rene Bryssinck, Marina Boudart, and Michel Boudart. |
| 260 |
_aBrussels, Belgium : _bModern Belgium Association, _c1990. |
||
| 300 |
_axxxi, 561 p. : _bill., maps ; _c23 cm. |
||
| 500 | _aIncludes index. | ||
| 651 | 0 |
_aBelgium _xHistory _y1914- _918346 |
|
| 700 | 1 |
_aBryssinck, Rene, _d1922- _918347 |
|
| 700 | 1 |
_aBoudart, Marian. _918348 |
|
| 700 | 1 |
_aBoudart, Michel. _918349 |
|
| 910 | _aCatalogación derivada | ||
| 049 | _aBNGR | ||
| 999 |
_c6402 _d6402 |
||